000 02222cam a2200277 4500500
005 20260301001800.0
041 _afre
042 _adc
100 1 0 _aThiam, Mamadou Habib
_eauthor
700 1 0 _aToure, Kamadore
_eauthor
700 1 0 _aFaye, Papa Lamine
_eauthor
700 1 0 _aBa, Fatoumata
_eauthor
700 1 0 _aBâ, Idrissa
_eauthor
700 1 0 _aSeck Sarr, Sokhna Fatou
_eauthor
700 1 0 _aCoumé, Mamadou
_eauthor
245 0 0 _aÉvaluation de la prévalence de la dépression chez les sujets âgés au Sénégal : étude préliminaire sur une série de 304 sujets avec l’Échelle de Dépression Gériatrique
260 _c2011.
500 _a93
520 _aIntroduction. La dépression est une affection mentale fréquente chez la personne âgée. Peu d’études ont été réalisées en Afrique. L’objective de cette étude était d’estimer sa prévalence dans une population de personnes âgées sénégalaises. Méthodologie. Une étude de type transversal a été menée de janvier à août 2002 à Dakar, au Sénégal lors d’une enquête porte à porte. Le « Geriatric Depression Scale » a été utilisé et auto-administré à des personnes âgées de 55 ans et plus habitant .3 quartiers de Dakar pour le dépistage de troubles dépressifs. Des données sociodémographiques (âge et sexe) ont été aussi collectées. Résultats. La population à l’étude (304) avait un âge moyen de 67,8 ans (±6,4). Cent quarante cinq (47,7%) avaient la dépression dont 124 (40,8%) de type mineur et 21 (6,9%) de type majeur par rapport à la population d’étude. L’âge était associé de manière statistiquement significative à la dépression majeure alors que la dépression mineure variait selon le sexe. Conclusion. Il est nécessaire de mener des études pour mieux comprendre l’épidémiologie de cette affection chez la personne âgée sénégalaise.
690 _aDépression
690 _aÉchelle de Dépression Gériatrique
690 _aPersonnes âgées
690 _aSénégal
786 0 _nPsy Cause | 59 | 1 | 2011-01-11 | p. 16-20 | 1245-2394
856 4 1 _uhttps://shs.cairn.info/revue-psy-cause-2011-1-page-16?lang=fr&redirect-ssocas=7080
999 _c1674289
_d1674289